|
|
|
|
| LEADER |
01684nam a2200409 i 4500 |
| 001 |
EBC5527255 |
| 003 |
MiAaPQ |
| 005 |
20200520144314.0 |
| 006 |
m o d | |
| 007 |
cr cnu|||||||| |
| 008 |
181016s2007 nyu o 000 0 eng d |
| 020 |
|
|
|z 9781600371554
|
| 020 |
|
|
|a 9781600370540
|q (electronic bk.)
|
| 035 |
|
|
|a (MiAaPQ)EBC5527255
|
| 035 |
|
|
|a (Au-PeEL)EBL5527255
|
| 035 |
|
|
|a (CaPaEBR)ebr11613400
|
| 035 |
|
|
|a (OCoLC)1056071264
|
| 040 |
|
|
|a MiAaPQ
|b eng
|e rda
|e pn
|c MiAaPQ
|d MiAaPQ
|
| 043 |
|
|
|a n-us---
|
| 050 |
|
4 |
|a HD9005
|b .L468 2007
|
| 082 |
0 |
|
|a 338.47664
|2 23
|
| 100 |
1 |
|
|a Lentz, Steve,
|e author.
|
| 245 |
1 |
0 |
|a It was never about the ketchup! :
|b the life and leadership secrets of H. J. Heinz /
|c Steve Lentz.
|
| 264 |
|
1 |
|a New York :
|b Morgan James Publishing,
|c [2007]
|
| 264 |
|
4 |
|c 2007
|
| 300 |
|
|
|a 1 online resource (85 pages)
|
| 336 |
|
|
|a text
|b txt
|2 rdacontent
|
| 337 |
|
|
|a computer
|b c
|2 rdamedia
|
| 338 |
|
|
|a online resource
|b cr
|2 rdacarrier
|
| 588 |
|
|
|a Description based on print version record.
|
| 590 |
|
|
|a Electronic reproduction. Ann Arbor, MI : ProQuest, 2018. Available via World Wide Web. Access may be limited to ProQuest affiliated libraries.
|
| 650 |
|
0 |
|a Food industry and trade
|z United States
|x History.
|
| 650 |
|
0 |
|a Businessmen
|z United States
|v Biography.
|
| 655 |
|
4 |
|a Electronic books.
|
| 776 |
0 |
8 |
|i Print version:
|a Lentz, Steve.
|t It was never about the ketchup! : the life and leadership secrets of H. J. Heinz.
|d New York : Morgan James Publishing, c2007
|h 85 pages
|z 9781600371554
|
| 797 |
2 |
|
|a ProQuest (Firm)
|
| 856 |
4 |
0 |
|u https://ebookcentral.proquest.com/lib/matrademy/detail.action?docID=5527255
|z Click to View
|